00247nam a2200097Ia 4500008004100000100001500041245002200056260004500078260000900123999001700132170620s9999 xx 000 0 und d aRao- V. K. 0aTeacher Education bNew Delhi- A.P.H. Publishing corporation c2005 c24827d24827